Nijerya Ülke Testi - Statistics

General Stats
  • This quiz has been taken 108 times
  • The average score is 5 of 18
Answer Stats
İpucu Cevap % Correct
Nijerya’ya sınırı olan ülkeler Nijer
86%
Nijerya’ya sınırı olan ülkeler Kamerun
63%
Resmi dil İngilizce
57%
Nijerya’ya sınırı olan ülkeler Çad
54%
Nijerya’ya sınırı olan ülkeler Benin
48%
En kalabalık şehir Lagos
44%
Başkent Abuja
40%
Nijerya bu körfezde yer almaktadır {Gine} Körfezi
31%
Nijerya film endüstrisinin takma adı {Nolly}wood
31%
İsmi “batı eğitimi yasak” anlamına gelen terörist grup {Boko} Haram
25%
Devlet gelirlerinin üçte ikisi bu sektörden geliyor Petrol
22%
İkinci en kalabalık şehir Kano
10%
En büyük etnik gruplar Yoruba
7%
En büyük etnik gruplar Hausa
6%
En büyük etnik gruplar İgbo
6%
Fela Kuti tarafından popüler hale getirilen müzik tarzı Afro{beat}
1%
Nijerya'nın erkek futbol takımının takma adı(1996 Olimpiyatları şampiyonu) Süper {Kartallar}
1%
Nijerya bu yenilebilir yumrunun en önde gelen üreticisidir. Yam
1%
No matching quizzes found
Score Distribution
Percent of People with Each Score
Percentile by Number Answered
Your Score History
You have not taken this quiz